[Event "Stay Safe Play From Home 377"]
[Site "Emanuel Lasker Arena"]
[Date "2020.08.12"]
[Round "5"]
[White "SelamiSahin"]
[Black "Klasman"]
[Result "1-0"]
[WhiteElo "2135"]
[BlackElo "1297"]
[Annotator "NA"]
[PlyCount "55"]
[EventDate "2020.08.12"]
[EventType "swiss (blitz)"]

{Yarar, Atakan} 1. d4 {[%emt 0:00:00]} f5 {[%emt 0:00:01]} 2. c4 {[%emt 0:00:00]} Nf6 {[%emt 0:00:01]} 3. g3 {[%emt 0:00:00]} e6 {[%emt 0:00:01]} 4. Bg2 {[%emt 0:00:00]} d5 {[%emt 0:00:02]} 5. Nf3 {[%emt 0:00:01]} Bb4+ {[%emt 0:00:03]} 6. Nc3 {[%emt 0:00:02]} Ne4 {[%emt 0:00:03]} 7. Qc2 {[%emt 0:00:00]} c5 {[%emt 0:00:02]} 8. dxc5 {[%emt 0:00:03]} Qa5 {[%emt 0:00:03]} 9. Bd2 {[%emt 0:00:02]} Nxd2 {[%emt 0:00:01]} 10. Qxd2 {[%emt 0:00:01]} Qxc5 {[%emt 0:00:02]} 11. cxd5 {[%emt 0:00:01]} O-O {[%emt 0:00:05]} 12. dxe6 {[%emt 0:00:03]} Bxe6 {[%emt 0:00:01]} 13. O-O {[%emt 0:00:01]} Bxc3 {[%emt 0:00:02]} 14. Qxc3 {[%emt 0:00:01]} Qxc3 {[%emt 0:00:02]} 15. bxc3 {[%emt 0:00:00]} Nc6 {[%emt 0:00:01]} 16. Nd4 {[%emt 0:00:00]} Bc4 {[%emt 0:00:04]} 17. Nxc6 {[%emt 0:00:01]} bxc6 {[%emt 0:00:02]} 18. Bxc6 {[%emt 0:00:00]} Rab8 {[%emt 0:00:04]} 19. Bf3 {[%emt 0:00:01]} Rb2 {[%emt 0:00:01]} 20. Rfb1 {[%emt 0:00:01]} Rxa2 {[%emt 0:00:04]} 21. Rxa2 {[%emt 0:00:01]} Bxa2 {[%emt 0:00:01]} 22. Ra1 {[%emt 0:00:00]} Bc4 {[%emt 0:00:03]} 23. Rxa7 {[%emt 0:00:00]} Re8 {[%emt 0:00:01]} 24. e3 {[%emt 0:00:01]} g5 {[%emt 0:00:02]} 25. Rc7 {[%emt 0:00:01]} Bf7 {[%emt 0:00:04]} 26. c4 {[%emt 0:00:02]} g4 {[%emt 0:00:01]} 27. Bd5 {[%emt 0:00:01]} Bxd5 {[%emt 0:00:01]} 28. cxd5 {[%emt 0:00:00] Time Time Time (Lag: Av=0.52s, max=1.0s) (Lag: Av=0.52s, max=1.0s) (Lag: Av=0.52s, max=1.0s)} 1-0

[Event "Stay Safe Play From Home 377"]
[Site "Emanuel Lasker Arena"]
[Date "2020.08.12"]
[Round "5"]
[White "SoulofWolf"]
[Black "AChessPlayer"]
[Result "0-1"]
[WhiteElo "2130"]
[BlackElo "2429"]
[PlyCount "140"]
[EventDate "2020.08.12"]
[EventType "swiss (blitz)"]

1. Nf3 {[%emt 0:00:00]} c6 {[%emt 0:00:01]} 2. c4 {[%emt 0:00:00]} d5 {[%emt 0:00:01]} 3. e3 {[%emt 0:00:00]} dxc4 {[%emt 0:00:01]} 4. Bxc4 {[%emt 0:00:01]} Nf6 {[%emt 0:00:00]} 5. a4 {[%emt 0:00:00]} e6 {[%emt 0:00:01]} 6. O-O {[%emt 0:00:00]} a5 {[%emt 0:00:00]} 7. b3 {[%emt 0:00:00]} Bb4 {[%emt 0:00:01]} 8. Ba3 {[%emt 0:00:01]} Nbd7 {[%emt 0:00:00]} 9. Bxb4 {[%emt 0:00:01]} axb4 {[%emt 0:00:00]} 10. d4 {[%emt 0:00:01]} Qa5 {[%emt 0:00:01]} 11. Nbd2 {[%emt 0:00:01]} O-O {[%emt 0:00:01]} 12. Be2 {[%emt 0:00:00]} e5 {[%emt 0:00:03]} 13. Nc4 {[%emt 0:00:01]} Qc7 {[%emt 0:00:01]} 14. dxe5 {[%emt 0:00:01]} Ng4 {[%emt 0:00:01]} 15. Qd4 {[%emt 0:00:02]} Nh6 {[%emt 0:00:06]} 16. e4 {[%emt 0:00:03]} Re8 {[%emt 0:00:01]} 17. h3 {[%emt 0:00:03]} Nf8 {[%emt 0:00:00]} 18. Nd6 {[%emt 0:00:06]} Rd8 {[%emt 0:00:02]} 19. Rfd1 {[%emt 0:00:02]} Ne6 {[%emt 0:00:01]} 20. Qxb4 {[%emt 0:00:01]} b6 {[%emt 0:00:02]} 21. Rac1 {[%emt 0:00:01]} c5 {[%emt 0:00:01]} 22. Qc3 {[%emt 0:00:01]} Ba6 {[%emt 0:00:01]} 23. Bxa6 {[%emt 0:00:01]} Rxa6 {[%emt 0:00:00]} 24. Nb5 {[%emt 0:00:00]} Qc8 {[%emt 0:00:01]} 25. Rd2 {[%emt 0:00:03]} Ra8 {[%emt 0:00:02]} 26. Rcd1 {[%emt 0:00:01]} Re8 {[%emt 0:00:02]} 27. Rd7 {[%emt 0:00:01]} Kf8 {[%emt 0:00:01]} 28. R7d2 {[%emt 0:00:01]} Qc6 {[%emt 0:00:03]} 29. Qe3 {[%emt 0:00:02]} Red8 {[%emt 0:00:02]} 30. Rd6 {[%emt 0:00:01]} Rxd6 {[%emt 0:00:01]} 31. Rxd6 {[%emt 0:00:00]} Qe8 {[%emt 0:00:01]} 32. Qd2 {[%emt 0:00:03]} Rd8 {[%emt 0:00:01]} 33. g4 {[%emt 0:00:01]} Ng8 {[%emt 0:00:02]} 34. Qd5 {[%emt 0:00:02]} Ne7 {[%emt 0:00:01]} 35. Qd2 {[%emt 0:00:01]} Nc8 {[%emt 0:00:02]} 36. Rxd8 {[%emt 0:00:01]} Qxd8 {[%emt 0:00:00]} 37. Qxd8+ {[%emt 0:00:01]} Nxd8 {[%emt 0:00:00]} 38. Nd2 {[%emt 0:00:02]} h6 {[%emt 0:00:01]} 39. f4 {[%emt 0:00:00]} Ke7 {[%emt 0:00:00]} 40. Kf2 {[%emt 0:00:00]} Nc6 {[%emt 0:00:00]} 41. Ke3 {[%emt 0:00:00]} N8a7 {[%emt 0:00:01]} 42. Nc4 {[%emt 0:00:00]} Nxb5 {[%emt 0:00:01]} 43. axb5 {[%emt 0:00:00]} Na7 {[%emt 0:00:01]} 44. Na3 {[%emt 0:00:02]} g6 {[%emt 0:00:02]} 45. Kd3 {[%emt 0:00:01]} Ke6 {[%emt 0:00:01]} 46. Kc4 {[%emt 0:00:01]} Kd7 {[%emt 0:00:01]} 47. Nc2 {[%emt 0:00:01]} Ke6 {[%emt 0:00:00]} 48. Ne3 {[%emt 0:00:00]} h5 {[%emt 0:00:01]} 49. Nd5 {[%emt 0:00:01]} Nc8 {[%emt 0:00:01]} 50. Nc7+ {[%emt 0:00:02]} Kd7 {[%emt 0:00:01]} 51. Na6 {[%emt 0:00:00]} Ke6 {[%emt 0:00:01]} 52. b4 {[%emt 0:00:00]} hxg4 {[%emt 0:00:00]} 53. hxg4 {[%emt 0:00:00]} cxb4 {[%emt 0:00:00]} 54. Kxb4 {[%emt 0:00:01]} g5 {[%emt 0:00:00]} 55. Nc7+ {[%emt 0:00:00]} Kd7 {[%emt 0:00:01]} 56. fxg5 {[%emt 0:00:00]} Kxc7 {[%emt 0:00:01]} 57. g6 {[%emt 0:00:00]} Kd7 {[%emt 0:00:00]} 58. g7 {[%emt 0:00:01]} Ne7 {[%emt 0:00:00]} 59. e6+ {[%emt 0:00:01]} Kxe6 {[%emt 0:00:00]} 60. Kc4 {[%emt 0:00:00]} Ng8 {[%emt 0:00:00]} 61. Kd4 {[%emt 0:00:01]} f6 {[%emt 0:00:00]} 62. e5 {[%emt 0:00:00]} fxe5+ {[%emt 0:00:01]} 63. Ke4 {[%emt 0:00:00]} Kf6 {[%emt 0:00:00]} 64. g5+ {[%emt 0:00:00]} Kxg7 {[%emt 0:00:00]} 65. Kxe5 {[%emt 0:00:00]} Kg6 {[%emt 0:00:00]} 66. Kf4 {[%emt 0:00:00]} Kf7 {[%emt 0:00:00]} 67. Kg4 {[%emt 0:00:00]} Kg7 {[%emt 0:00:00]} 68. Kf4 {[%emt 0:00:00]} Ne7 {[%emt 0:00:00]} 69. Ke5 {[%emt 0:00:00]} Nc8 {[%emt 0:00:00]} 70. Kd5 {[%emt 0:00:00]} Na7 {[%emt 0:00:00] Czas Czas Czas (Lag: Av=0.57s, max=1.5s) (Lag: Av=0.57s, max=1.5s) (Lag: Av=0.57s, max=1.5s) . . .} 0-1

[Event "Stay Safe Play From Home 377"]
[Site "Emanuel Lasker Arena"]
[Date "2020.08.12"]
[Round "5"]
[White "Hickey"]
[Black "Tolka"]
[Result "0-1"]
[WhiteElo "2099"]
[BlackElo "2319"]
[PlyCount "92"]
[EventDate "2020.08.12"]
[EventType "swiss (blitz)"]

1. Nf3 {[%emt 0:00:02]} d6 {[%emt 0:00:00]} 2. g3 {[%emt 0:00:00]} Nf6 {[%emt 0:00:00]} 3. Bg2 {[%emt 0:00:00]} g6 {[%emt 0:00:00]} 4. O-O {[%emt 0:00:00]} Bg7 {[%emt 0:00:00]} 5. b3 {[%emt 0:00:00]} O-O {[%emt 0:00:00]} 6. Bb2 {[%emt 0:00:00]} Nc6 {[%emt 0:00:00]} 7. d3 {[%emt 0:00:00]} e5 {[%emt 0:00:00]} 8. Nbd2 {[%emt 0:00:00]} Be6 {[%emt 0:00:01]} 9. c4 {[%emt 0:00:01]} Qd7 {[%emt 0:00:00]} 10. Rc1 {[%emt 0:00:01]} Bh3 {[%emt 0:00:01]} 11. a3 {[%emt 0:00:00]} Bxg2 {[%emt 0:00:00]} 12. Kxg2 {[%emt 0:00:00]} a5 {[%emt 0:00:00]} 13. Rc2 {[%emt 0:00:01]} Rae8 {[%emt 0:00:01]} 14. Qa1 {[%emt 0:00:00]} Nh5 {[%emt 0:00:01]} 15. Bc3 {[%emt 0:00:01]} Qg4 {[%emt 0:00:01]} 16. Kh1 {[%emt 0:00:03]} Qh3 {[%emt 0:00:01]} 17. Ng1 {[%emt 0:00:02]} Qe6 {[%emt 0:00:05]} 18. b4 {[%emt 0:00:01]} axb4 {[%emt 0:00:00]} 19. axb4 {[%emt 0:00:00]} f5 {[%emt 0:00:01]} 20. Ndf3 {[%emt 0:00:03]} h6 {[%emt 0:00:02]} 21. b5 {[%emt 0:00:01]} Nd8 {[%emt 0:00:01]} 22. Qa2 {[%emt 0:00:01]} f4 {[%emt 0:00:01]} 23. Nd2 {[%emt 0:00:01]} fxg3 {[%emt 0:00:02]} 24. fxg3 {[%emt 0:00:00]} Nxg3+ {[%emt 0:00:03]} 25. hxg3 {[%emt 0:00:01]} Rxf1 {[%emt 0:00:04]} 26. Nxf1 {[%emt 0:00:00]} Rf8 {[%emt 0:00:00]} 27. Kg2 {[%emt 0:00:01]} Qf5 {[%emt 0:00:01]} 28. Nf3 {[%emt 0:00:03]} Ne6 {[%emt 0:00:03]} 29. Ne3 {[%emt 0:00:02]} Qh5 {[%emt 0:00:02]} 30. c5 {[%emt 0:00:01]} Re8 {[%emt 0:00:03]} 31. cxd6 {[%emt 0:00:01]} cxd6 {[%emt 0:00:00]} 32. Qd5 {[%emt 0:00:03]} Kh7 {[%emt 0:00:01]} 33. Qe4 {[%emt 0:00:01]} Rf8 {[%emt 0:00:02]} 34. Nd5 {[%emt 0:00:01]} Nc5 {[%emt 0:00:04]} 35. Qh4 {[%emt 0:00:01]} Qf5 {[%emt 0:00:01]} 36. e4 {[%emt 0:00:01]} Qxf3+ {[%emt 0:00:01]} 37. Kh2 {[%emt 0:00:02]} Qd1 {[%emt 0:00:01]} 38. Rg2 {[%emt 0:00:01]} Nxd3 {[%emt 0:00:01]} 39. Qg4 {[%emt 0:00:01]} Qxg4 {[%emt 0:00:01]} 40. Ne3 {[%emt 0:00:03]} Qg5 {[%emt 0:00:02]} 41. Bd2 {[%emt 0:00:01]} Rf2 {[%emt 0:00:02]} 42. Nf5 {[%emt 0:00:02]} Rxg2+ {[%emt 0:00:01]} 43. Kxg2 {[%emt 0:00:00]} Qxd2+ {[%emt 0:00:01]} 44. Kh3 {[%emt 0:00:00]} gxf5 {[%emt 0:00:00]} 45. exf5 {[%emt 0:00:01]} Nf2+ {[%emt 0:00:01]} 46. Kh4 {[%emt 0:00:01]} Qg5# {[%emt 0:00:01] (Lag: Av=0.43s, max=0.9s) (Lag: Av=0.43s, max=0.9s) (Lag: Av=0.43s, max=0.9s)} 0-1

[Event "Stay Safe Play From Home 377"]
[Site "Emanuel Lasker Arena"]
[Date "2020.08.12"]
[Round "5"]
[White "CabianoFaruana"]
[Black "Padmaesh M K"]
[Result "1-0"]
[WhiteElo "1999"]
[BlackElo "1832"]
[Annotator "NA"]
[PlyCount "117"]
[EventDate "2020.08.12"]
[EventType "swiss (blitz)"]

1. e4 {[%emt 0:00:01]} e5 {[%emt 0:00:01]} 2. Nf3 {[%emt 0:00:01]} Nc6 {[%emt 0:00:00]} 3. Bc4 {[%emt 0:00:01]} Bc5 {[%emt 0:00:01]} 4. d3 {[%emt 0:00:00]} d6 {[%emt 0:00:00]} 5. c3 {[%emt 0:00:00]} Nf6 {[%emt 0:00:01]} 6. b4 {[%emt 0:00:01]} Bb6 {[%emt 0:00:01]} 7. a4 {[%emt 0:00:00]} a5 {[%emt 0:00:01]} 8. b5 {[%emt 0:00:00]} Ne7 {[%emt 0:00:01]} 9. Qe2 {[%emt 0:00:00]} O-O {[%emt 0:00:02]} 10. Be3 {[%emt 0:00:00]} Bxe3 {[%emt 0:00:03]} 11. Qxe3 {[%emt 0:00:00]} b6 {[%emt 0:00:00]} 12. Nbd2 {[%emt 0:00:01]} Ng6 {[%emt 0:00:01]} 13. O-O {[%emt 0:00:01]} Nf4 {[%emt 0:00:00]} 14. Rfe1 {[%emt 0:00:02]} Ng4 {[%emt 0:00:01]} 15. Qxf4 {[%emt 0:00:04]} exf4 {[%emt 0:00:02]} 16. h3 {[%emt 0:00:01]} Nf6 {[%emt 0:00:01]} 17. d4 {[%emt 0:00:01]} Bb7 {[%emt 0:00:02]} 18. Rad1 {[%emt 0:00:03]} Re8 {[%emt 0:00:02]} 19. e5 {[%emt 0:00:01]} dxe5 {[%emt 0:00:01]} 20. dxe5 {[%emt 0:00:00]} Nd7 {[%emt 0:00:05]} 21. Ne4 {[%emt 0:00:02]} Bxe4 {[%emt 0:00:01]} 22. Rxe4 {[%emt 0:00:00]} Nc5 {[%emt 0:00:00]} 23. Rxd8 {[%emt 0:00:01]} Nxe4 {[%emt 0:00:01]} 24. Rd7 {[%emt 0:00:05]} Nxc3 {[%emt 0:00:04]} 25. Rxf7 {[%emt 0:00:01]} Kh8 {[%emt 0:00:02]} 26. Rxc7 {[%emt 0:00:01]} Rec8 {[%emt 0:00:01]} 27. Rxc8+ {[%emt 0:00:05]} Rxc8 {[%emt 0:00:00]} 28. Be6 {[%emt 0:00:01]} Re8 {[%emt 0:00:01]} 29. Nd4 {[%emt 0:00:01]} Ne2+ {[%emt 0:00:02]} 30. Nxe2 {[%emt 0:00:02]} Rxe6 {[%emt 0:00:01]} 31. Nxf4 {[%emt 0:00:01]} Rxe5 {[%emt 0:00:00]} 32. Kf1 {[%emt 0:00:01]} Rc5 {[%emt 0:00:01]} 33. Ke2 {[%emt 0:00:01]} Rc4 {[%emt 0:00:01]} 34. Nd5 {[%emt 0:00:01]} Rxa4 {[%emt 0:00:01]} 35. Nxb6 {[%emt 0:00:00]} Rb4 {[%emt 0:00:01]} 36. Nd5 {[%emt 0:00:03]} Rxb5 {[%emt 0:00:01]} 37. Nc3 {[%emt 0:00:00]} Rb2+ {[%emt 0:00:00]} 38. Ke3 {[%emt 0:00:01]} Rc2 {[%emt 0:00:01]} 39. Na4 {[%emt 0:00:01]} Ra2 {[%emt 0:00:01]} 40. Nc5 {[%emt 0:00:01]} a4 {[%emt 0:00:01]} 41. f4 {[%emt 0:00:00]} a3 {[%emt 0:00:01]} 42. g4 {[%emt 0:00:00]} Rc2 {[%emt 0:00:01]} 43. Na4 {[%emt 0:00:02]} a2 {[%emt 0:00:01]} 44. Kd3 {[%emt 0:00:00]} Rh2 {[%emt 0:00:01]} 45. Nc3 {[%emt 0:00:01]} a1=Q {[%emt 0:00:00]} 46. Ke4 {[%emt 0:00:01]} Qa3 {[%emt 0:00:01]} 47. Nd5 {[%emt 0:00:01]} Qa4+ {[%emt 0:00:01]} 48. Kf5 {[%emt 0:00:00]} Rd2 {[%emt 0:00:01]} 49. Ke5 {[%emt 0:00:01]} Qa5 {[%emt 0:00:01]} 50. Ke4 {[%emt 0:00:01]} Rxd5 {[%emt 0:00:00]} 51. Ke3 {[%emt 0:00:00]} Qb4 {[%emt 0:00:01]} 52. Kf3 {[%emt 0:00:01]} Rc5 {[%emt 0:00:00]} 53. Kg3 {[%emt 0:00:00]} Rc3+ {[%emt 0:00:00]} 54. Kh4 {[%emt 0:00:00]} Qe7+ {[%emt 0:00:01]} 55. g5 {[%emt 0:00:02]} h6 {[%emt 0:00:00]} 56. Kg4 {[%emt 0:00:00]} hxg5 {[%emt 0:00:01]} 57. h4 {[%emt 0:00:00]} Rc4 {[%emt 0:00:01]} 58. Kh5 {[%emt 0:00:00]} Re4 {[%emt 0:00:00]} 59. Kg6 {[%emt 0:00:00] ' ' ' (Lag: Av=0.50s, max=1.1s) (Lag: Av=0.50s, max=1.1s) (Lag: Av=0.50s, max=1.1s)} 1-0

[Event "Stay Safe Play From Home 377"]
[Site "Emanuel Lasker Arena"]
[Date "2020.08.12"]
[Round "5"]
[White "TheCHESSHOUSE"]
[Black "Lamborghini"]
[Result "1/2-1/2"]
[WhiteElo "1990"]
[BlackElo "2266"]
[PlyCount "61"]
[EventDate "2020.08.12"]
[EventType "swiss (blitz)"]

1. d4 {[%emt 0:00:03]} Nf6 {[%emt 0:00:01]} 2. c4 {[%emt 0:00:00]} g6 {[%emt 0:00:00]} 3. Nc3 {[%emt 0:00:01]} Bg7 {[%emt 0:00:00]} 4. e4 {[%emt 0:00:01]} O-O {[%emt 0:00:00]} 5. Nf3 {[%emt 0:00:00]} d6 {[%emt 0:00:00]} 6. Be2 {[%emt 0:00:01]} Bg4 {[%emt 0:00:03]} 7. O-O {[%emt 0:00:01]} Nfd7 {[%emt 0:00:01]} 8. Be3 {[%emt 0:00:01]} c5 {[%emt 0:00:02]} 9. h3 {[%emt 0:00:02]} Bxf3 {[%emt 0:00:01]} 10. Bxf3 {[%emt 0:00:00]} Nc6 {[%emt 0:00:00]} 11. dxc5 {[%emt 0:00:02]} Bxc3 {[%emt 0:00:01]} 12. bxc3 {[%emt 0:00:01]} Nxc5 {[%emt 0:00:00]} 13. Rb1 {[%emt 0:00:01]} b6 {[%emt 0:00:02]} 14. e5 {[%emt 0:00:02]} Nxe5 {[%emt 0:00:01]} 15. Bxa8 {[%emt 0:00:02]} Qxa8 {[%emt 0:00:00]} 16. Bd4 {[%emt 0:00:01]} Ned7 {[%emt 0:00:02]} 17. Qe2 {[%emt 0:00:02]} Re8 {[%emt 0:00:02]} 18. Bxc5 {[%emt 0:00:01]} Nxc5 {[%emt 0:00:03]} 19. Rfe1 {[%emt 0:00:00]} Qc6 {[%emt 0:00:01]} 20. Rb5 {[%emt 0:00:02]} e5 {[%emt 0:00:04]} 21. f4 {[%emt 0:00:02]} e4 {[%emt 0:00:01]} 22. Qe3 {[%emt 0:00:01]} f5 {[%emt 0:00:01]} 23. Qd4 {[%emt 0:00:01]} Kf7 {[%emt 0:00:03]} 24. Rd1 {[%emt 0:00:02]} e3 {[%emt 0:00:01]} 25. Rbb1 {[%emt 0:00:05]} Re4 {[%emt 0:00:06]} 26. Qh8 {[%emt 0:00:05]} e2 {[%emt 0:00:08]} 27. Qxh7+ {[%emt 0:00:02]} Kf6 {[%emt 0:00:01]} 28. Qh8+ {[%emt 0:00:01]} Kf7 {[%emt 0:00:02]} 29. Qh7+ {[%emt 0:00:01]} Kf6 {[%emt 0:00:01]} 30. Qh8+ {[%emt 0:00:01]} Kf7 {[%emt 0:00:01]} 31. Qh7+ {[%emt 0:00:01] (Lag: Av=0.72s, max=0.9s) (Lag: Av=0.72s, max=0.9s) (Lag: Av=0.72s, max=0.9s)} 1/2-1/2

[Event "Stay Safe Play From Home 377"]
[Site "Emanuel Lasker Arena"]
[Date "2020.08.12"]
[Round "5"]
[White "buzaglo"]
[Black "NTBT_DHS"]
[Result "0-1"]
[WhiteElo "1861"]
[BlackElo "2561"]
[PlyCount "72"]
[EventDate "2020.08.12"]
[EventType "swiss (blitz)"]

1. d4 {[%emt 0:00:03]} Nf6 {[%emt 0:00:02]} 2. Nf3 {[%emt 0:00:00]} g6 {[%emt 0:00:00]} 3. g3 {[%emt 0:00:00]} Bg7 {[%emt 0:00:00]} 4. Bg2 {[%emt 0:00:00]} O-O {[%emt 0:00:00]} 5. O-O {[%emt 0:00:00]} d6 {[%emt 0:00:00]} 6. c4 {[%emt 0:00:00]} Nbd7 {[%emt 0:00:00]} 7. Nc3 {[%emt 0:00:00]} e5 {[%emt 0:00:00]} 8. e4 {[%emt 0:00:00]} exd4 {[%emt 0:00:01]} 9. Nxd4 {[%emt 0:00:02]} Nc5 {[%emt 0:00:00]} 10. Nf3 {[%emt 0:00:00]} Nfxe4 {[%emt 0:00:01]} 11. Nxe4 {[%emt 0:00:00]} Nxe4 {[%emt 0:00:00]} 12. Re1 {[%emt 0:00:00]} Re8 {[%emt 0:00:01]} 13. Nd4 {[%emt 0:00:02]} Nc5 {[%emt 0:00:05]} 14. Rxe8+ {[%emt 0:00:04]} Qxe8 {[%emt 0:00:00]} 15. Nb3 {[%emt 0:00:00]} Be6 {[%emt 0:00:08]} 16. Nxc5 {[%emt 0:00:01]} dxc5 {[%emt 0:00:00]} 17. Qc2 {[%emt 0:00:02]} c6 {[%emt 0:00:02]} 18. h4 {[%emt 0:00:01]} Bd4 {[%emt 0:00:01]} 19. Bh6 {[%emt 0:00:03]} Bf5 {[%emt 0:00:01]} 20. Qd2 {[%emt 0:00:01]} Rd8 {[%emt 0:00:01]} 21. Qf4 {[%emt 0:00:01]} Be5 {[%emt 0:00:02]} 22. Qc1 {[%emt 0:00:02]} Bd4 {[%emt 0:00:02]} 23. Qe1 {[%emt 0:00:05]} Bxb2 {[%emt 0:00:03]} 24. Rb1 {[%emt 0:00:02]} Bxb1 {[%emt 0:00:01]} 25. Qxb1 {[%emt 0:00:01]} Qe2 {[%emt 0:00:00]} 26. Be3 {[%emt 0:00:03]} Rd1+ {[%emt 0:00:01]} 27. Qxd1 {[%emt 0:00:01]} Qxd1+ {[%emt 0:00:00]} 28. Kh2 {[%emt 0:00:00]} Bd4 {[%emt 0:00:00]} 29. Bf4 {[%emt 0:00:01]} Bxf2 {[%emt 0:00:01]} 30. g4 {[%emt 0:00:01]} Qxg4 {[%emt 0:00:02]} 31. Bc7 {[%emt 0:00:02]} Qxh4+ {[%emt 0:00:01]} 32. Bh3 {[%emt 0:00:00]} Qxc4 {[%emt 0:00:01]} 33. Kg2 {[%emt 0:00:00]} Qxa2 {[%emt 0:00:01]} 34. Kf3 {[%emt 0:00:01]} Bd4 {[%emt 0:00:01]} 35. Bc8 {[%emt 0:00:02]} Qf2+ {[%emt 0:00:01]} 36. Ke4 {[%emt 0:00:02]} Qe3# {[%emt 0:00:02] (Lag: Av=0.80s, max=1.2s) (Lag: Av=0.80s, max=1.2s) (Lag: Av=0.80s, max=1.2s)} 0-1

[Event "Stay Safe Play From Home 377"]
[Site "Emanuel Lasker Arena"]
[Date "2020.08.12"]
[Round "5"]
[White "Mandy"]
[Black "Stepmaker"]
[Result "0-1"]
[WhiteElo "858"]
[BlackElo "1418"]
[Annotator "NA"]
[PlyCount "40"]
[EventDate "2020.08.12"]
[EventType "swiss (blitz)"]

1. d4 {[%emt 0:00:03]} e6 {[%emt 0:00:00]} 2. Bf4 {[%emt 0:00:00]} d5 {[%emt 0:00:00]} 3. e3 {[%emt 0:00:01]} c6 {[%emt 0:00:01]} 4. Nf3 {[%emt 0:00:01]} Nd7 {[%emt 0:00:00]} 5. h3 {[%emt 0:00:01]} Ngf6 {[%emt 0:00:01]} 6. Bd3 {[%emt 0:00:02]} Be7 {[%emt 0:00:01]} 7. c3 {[%emt 0:00:02]} O-O {[%emt 0:00:00]} 8. Nbd2 {[%emt 0:00:01]} Qb6 {[%emt 0:00:01]} 9. Qb3 {[%emt 0:00:05]} Qxb3 {[%emt 0:00:02]} 10. Nxb3 {[%emt 0:00:03]} c5 {[%emt 0:00:00]} 11. O-O {[%emt 0:00:03]} cxd4 {[%emt 0:00:01]} 12. Nbxd4 {[%emt 0:00:03]} Nc5 {[%emt 0:00:01]} 13. c4 {[%emt 0:00:04]} Nxd3 {[%emt 0:00:03]} 14. b3 {[%emt 0:00:04]} Nxf4 {[%emt 0:00:01]} 15. exf4 {[%emt 0:00:02]} Ne4 {[%emt 0:00:01]} 16. Ne5 {[%emt 0:00:01]} Bc5 {[%emt 0:00:01]} 17. Nxf7 {[%emt 0:00:05]} Bxd4 {[%emt 0:00:02]} 18. g4 {[%emt 0:00:05]} Bxa1 {[%emt 0:00:01]} 19. Rxa1 {[%emt 0:00:03]} Rxf7 {[%emt 0:00:01]} 20. Rf1 {[%emt 0:00:11]} Bd7 {[%emt 0:00:01] Zeit Zeit (Lag: Av=0.45s, max=1.9s) Zeit (Lag: Av=0.45s, max=1.9s) (Lag: Av=0.45s, max=1.9s) . . .} 0-1

[Event "Stay Safe Play From Home 377"]
[Site "Emanuel Lasker Arena"]
[Date "2020.08.12"]
[Round "6"]
[White "NTBT_DHS"]
[Black "TheCHESSHOUSE"]
[Result "1-0"]
[WhiteElo "2562"]
[BlackElo "2002"]
[PlyCount "89"]
[EventDate "2020.08.12"]
[EventType "swiss (blitz)"]

1. e4 {[%emt 0:00:01]} d6 {[%emt 0:00:01]} 2. d4 {[%emt 0:00:03]} Nf6 {[%emt 0:00:01]} 3. Nf3 {[%emt 0:00:00]} g6 {[%emt 0:00:01]} 4. Bd3 {[%emt 0:00:01]} Bg7 {[%emt 0:00:01]} 5. O-O {[%emt 0:00:01]} O-O {[%emt 0:00:01]} 6. Re1 {[%emt 0:00:00]} c5 {[%emt 0:00:01]} 7. e5 {[%emt 0:00:01]} dxe5 {[%emt 0:00:01]} 8. dxe5 {[%emt 0:00:00]} Nd5 {[%emt 0:00:02]} 9. Bg5 {[%emt 0:00:04]} Be6 {[%emt 0:00:02]} 10. Na3 {[%emt 0:00:01]} Nc6 {[%emt 0:00:01]} 11. c3 {[%emt 0:00:03]} Qd7 {[%emt 0:00:01]} 12. Bb5 {[%emt 0:00:01]} a6 {[%emt 0:00:01]} 13. Ba4 {[%emt 0:00:01]} b5 {[%emt 0:00:01]} 14. Bc2 {[%emt 0:00:01]} h6 {[%emt 0:00:03]} 15. Bh4 {[%emt 0:00:01]} g5 {[%emt 0:00:01]} 16. Bg3 {[%emt 0:00:01]} Rfd8 {[%emt 0:00:00]} 17. Qd3 {[%emt 0:00:01]} f5 {[%emt 0:00:06]} 18. exf6 {[%emt 0:00:01]} Nxf6 {[%emt 0:00:01]} 19. Qxd7 {[%emt 0:00:03]} Bxd7 {[%emt 0:00:00]} 20. Ne5 {[%emt 0:00:04]} Nxe5 {[%emt 0:00:01]} 21. Rxe5 {[%emt 0:00:00]} Bc6 {[%emt 0:00:00]} 22. Rxc5 {[%emt 0:00:02]} Rac8 {[%emt 0:00:04]} 23. Re1 {[%emt 0:00:01]} Bf8 {[%emt 0:00:02]} 24. Bb3+ {[%emt 0:00:01]} Kg7 {[%emt 0:00:01]} 25. Nc2 {[%emt 0:00:01]} Rd2 {[%emt 0:00:08]} 26. Nd4 {[%emt 0:00:02]} Bb7 {[%emt 0:00:01]} 27. Ne6+ {[%emt 0:00:05]} Kg8 {[%emt 0:00:03]} 28. Nxg5+ {[%emt 0:00:01]} Kh8 {[%emt 0:00:01]} 29. Nf7+ {[%emt 0:00:02]} Kg7 {[%emt 0:00:01]} 30. Rxc8 {[%emt 0:00:03]} Bxc8 {[%emt 0:00:00]} 31. Ne5 {[%emt 0:00:01]} Bf5 {[%emt 0:00:02]} 32. Nf3 {[%emt 0:00:01]} Rxb2 {[%emt 0:00:01]} 33. Nd4 {[%emt 0:00:00]} Kg6 {[%emt 0:00:02]} 34. Be5 {[%emt 0:00:02]} Rb1 {[%emt 0:00:03]} 35. Rxb1 {[%emt 0:00:02]} Bxb1 {[%emt 0:00:00]} 36. h3 {[%emt 0:00:00]} Bg7 {[%emt 0:00:01]} 37. Ne6 {[%emt 0:00:01]} Be4 {[%emt 0:00:01]} 38. f3 {[%emt 0:00:01]} Bc6 {[%emt 0:00:01]} 39. g4 {[%emt 0:00:00]} Bb7 {[%emt 0:00:01]} 40. h4 {[%emt 0:00:01]} Ne8 {[%emt 0:00:01]} 41. Nf4+ {[%emt 0:00:01]} Kh7 {[%emt 0:00:01]} 42. Bxg7 {[%emt 0:00:00]} Kxg7 {[%emt 0:00:01]} 43. Bc2 {[%emt 0:00:00]} Nf6 {[%emt 0:00:01]} 44. Nh5+ {[%emt 0:00:00]} Kf7 {[%emt 0:00:00]} 45. Ng3 {[%emt 0:00:01] Time Time Time (Lag: Av=1.01s, max=1.5s) (Lag: Av=1.01s, max=1.5s) (Lag: Av=1.01s, max=1.5s)} 1-0